Obstetrics & gynaecology : (Record no. 152308)
[ view plain ]
| 000 -LEADER | |
|---|---|
| fixed length control field | 01079nam a2200289 a 4500 |
| 001 - CONTROL NUMBER | |
| control field | vtls003247879 |
| 003 - CONTROL NUMBER IDENTIFIER | |
| control field | MY-SjTCS |
| 005 - DATE AND TIME OF LATEST TRANSACTION | |
| control field | 20200226115710.0 |
| 008 - FIXED-LENGTH DATA ELEMENTS--GENERAL INFORMATION | |
| fixed length control field | 121207s2012 nyua b 001 0 eng d |
| 020 ## - INTERNATIONAL STANDARD BOOK NUMBER | |
| International Standard Book Number | 9781259009433 (pbk.) |
| 020 ## - INTERNATIONAL STANDARD BOOK NUMBER | |
| International Standard Book Number | 1259009432 (pbk.) |
| 039 #9 - LEVEL OF BIBLIOGRAPHIC CONTROL AND CODING DETAIL [OBSOLETE] | |
| Level of rules in bibliographic description | 201301211024 |
| Level of effort used to assign nonsubject heading access points | wilmina |
| Level of effort used to assign subject headings | 201301211014 |
| Level of effort used to assign classification | wilmina |
| -- | 201212070920 |
| -- | malathy |
| 082 04 - DEWEY DECIMAL CLASSIFICATION NUMBER | |
| Classification number | 618.0202 |
| Item number | SCH 2012 |
| 100 1# - MAIN ENTRY--PERSONAL NAME | |
| Personal name | Schneider, Karen M. |
| 9 (RLIN) | 67689 |
| 245 10 - TITLE STATEMENT | |
| Title | Obstetrics & gynaecology : |
| Remainder of title | pre-test self-assessment and review / |
| Statement of responsibility, etc. | Karen M. Schneider, Stephen K. Patrick. |
| 246 3# - VARYING FORM OF TITLE | |
| Title proper/short title | Obstetrics and gynaecology |
| 250 ## - EDITION STATEMENT | |
| Edition statement | 13th ed. |
| 260 ## - PUBLICATION, DISTRIBUTION, ETC. | |
| Place of publication, distribution, etc. | New York : |
| Name of publisher, distributor, etc. | McGraw-Hill Medical, |
| Date of publication, distribution, etc. | c2012. |
| 300 ## - PHYSICAL DESCRIPTION | |
| Extent | xi, 368 p. : |
| Other physical details | ill. ; |
| Dimensions | 21 cm. |
| 490 1# - SERIES STATEMENT | |
| Series statement | PreTest self-assessment and review |
| 504 ## - BIBLIOGRAPHY, ETC. NOTE | |
| Bibliography, etc. note | Includes bibliographical references and index. |
| 650 #0 - SUBJECT ADDED ENTRY--TOPICAL TERM | |
| Topical term or geographic name entry element | Obstetrics |
| Form subdivision | Examinations, questions, etc. |
| 9 (RLIN) | 27123 |
| 650 #0 - SUBJECT ADDED ENTRY--TOPICAL TERM | |
| Topical term or geographic name entry element | Gynecology |
| Form subdivision | Examinations, questions, etc. |
| 9 (RLIN) | 27124 |
| 700 1# - ADDED ENTRY--PERSONAL NAME | |
| Personal name | Patrick, Stephen K. |
| 9 (RLIN) | 67690 |
| 830 #0 - SERIES ADDED ENTRY--UNIFORM TITLE | |
| Uniform title | PreTest self-assessment and review |
| 920 ## - Programme | |
| Programme | SMN : 192394 |
| Withdrawn status | Lost status | Source of classification or shelving scheme | Damaged status | Not for loan | Home library | Current library | Date acquired | Total Checkouts | Total Renewals | Barcode | Date last seen | Date last checked out | Copy number | Koha item type | Public note |
|---|---|---|---|---|---|---|---|---|---|---|---|---|---|---|---|
| Dewey Decimal Classification | Clinical School | Clinical School | 10/12/2012 | 43 | 13 | 5000138570 | 20/10/2023 | 03/10/2023 | 1 | SOM Main Collection | SOMxx,33001,03,CL |